Antología de cuentos [de Juan de la Cabada] /

Guardado en:
Bibliografiske detaljer
Hovedforfatter: Cabada, Juan de la (autor)
Andre forfattere: Abreu Gómez, Ermilo (prólogo) (prólogo)
Format: Bog
Sprog:spansk
Udgivet: México : Ediciones de Cultura Popular, 1978, c1978
Serier:(Arte y Literatura)
Fag:
Tags: Tilføj Tag
Ingen Tags, Vær først til at tagge denne postø!

MARC

LEADER 00000nam^a2200000^a^4500
001 000190977
005 20250521000000.0
009 20260310102510.196
025 |a Donación Lourdes Sierra, 1 ejemplar 
037 |a Acervo ITESO - Biblioteca 
041 |a ESP 
082 |a 863.  |b CAB 
100 |a Cabada, Juan de la  |e (autor) 
245 1 0 |a Antología de cuentos [de Juan de la Cabada] /  |c J. de la Cabada ; pról. de E. Abreu Gómez. 
264 4 |a México :  |b Ediciones de Cultura Popular,  |c 1978, c1978 
300 |a 211 p. 
336 |a texto  |b txt  |2 rdacontenido 
337 |a sin mediación  |b n  |2 rdamedio 
338 |a volumen  |b nc  |2 rdasoporte 
440 1 |a (Arte y Literatura) 
545 0 |a Juan de la Cabada (Campeche, 1903 - Ciudad de México, 1986) escritor y folklorista mexicano, fundador y colaborador de la Liga de Escritores y Artistas Revolucionarios. Su militancia de izquierda lo convirtió en 1979 en diputado federal por el Partido Comunista Mexicano. Paseo de mentiras (1940), Incidentes melódicos del mundo irracional (1944), La tierra en cuatro tiempos (1981), Pasados por agua (1981) y El duende (1981), son algunos de sus títulos, aunque más allá de la obra publicada, en el autor se reconoce su gran capacidad narrativa y su facilidad para el relato oral. También hizo un texto sobre la tradición carnavalesca en Campeche, titulado La guaranducha (1970) y es considerado uno de los iniciadores del estudio de la música maya. Asimismo, escribió sólo o en coautoría varios guiones cinematográficos, como El brazo fuerte, Subida al cielo, Lola de mi vida, Misericordia, Raíces y Simitrio. 
649 |a XX 
650 |a Cuentos Mexicanos 
650 |a Literatura Mexicana -  |y Siglo XX 
700 |a Abreu Gómez, Ermilo  |e (prólogo) 
910 |a Fondo General 
920 |a Impresos - Libros 
930 |a Colección General 
940 |a Literatura 
905 |a 101 
901 |a 0500134541  |b IT1  |c LIT  |i D  |u 20250521 
902 |a https://opac.biblio.iteso.mx/vufind/Record/000190977